LEADER 00889nam0-22003131i-450- 001 990001842790403321 005 20021010 035 $a000184279 035 $aFED01000184279 035 $a(Aleph)000184279FED01 035 $a000184279 100 $a20021010d--------km-y0itay50------ba 101 0 $aita 200 1 $aEsperienze del 1910 contro la mosca delle olive$fAntonio Berlese. 210 $aFirenze$c...$d1911. 215 $ap. 111-155$c2 tav. ripieg.$d27 cm 300 $aEstr. da: Redia, 7(1):111-155,1911 610 0 $aOlive 610 0 $aDiptera 676 $a634.639 700 1$aBerlese,$bAntonio$f<1863-1927>$070245 801 0$aIT$bUNINA$gRICA$2UNIMARC 901 $aBK 912 $a990001842790403321 952 $a60 MISC. B 39/5$b$fFAGBC 959 $aFAGBC 996 $aEsperienze del 1910 contro la mosca delle olive$9415038 997 $aUNINA DB $aING01 LEADER 01432nam a2200325 i 4500 001 991002330119707536 005 20020508194359.0 008 990920s1990 ne ||| | fre 020 $a9004090169 035 $ab10993083-39ule_inst 035 $aPARLA160586$9ExL 040 $aDip.to Filosofia$bita 082 0 $a160 082 0 $a180 100 0 $aSimplicius :$cAtheniensis$d<6. sec.>$0182873 245 10$aCommentaire sur les catégories /$cSimplicius ; traduction commentée sous la direction d'Ilsetraut Hadot 260 $aLeiden ; New York :$bBrill,$c1990 300 $a2 v. ;$c24 cm. 490 0 $aPhilosophia antiqua ;$vv. 50 500 $aIndice: fasc. 1.: Introduction, première partie ; fasc. 3.: Commentaire au premier chapitre des catégories. 650 4$aAristotele - Categorie$xCommento di Simplicio Cilicio 650 4$aSimplicio Cilicio$xCommento sulle Categorie di Aristotele 700 1 $aHadot, Ilsetraut 907 $a.b10993083$b23-02-17$c28-06-02 912 $a991002330119707536 945 $aLE005 180 SIM01. HAD01. 01. v. 3$cf. 3$g1$i2005000057496$lle005$o-$pE0.00$q-$rl$s- $t0$u0$v0$w0$x0$y.i11107935$z28-06-02 945 $aLE005 180 SIM01. HAD01. 01. v. 1$cf. 1$g1$i2005000057595$lle005$o-$pE0.00$q-$rl$s- $t0$u0$v0$w0$x0$y.i11107947$z28-06-02 996 $aCommentarius in Aristotelem Categoriae$916088 997 $aUNISALENTO 998 $ale005$b01-01-99$cm$da $e-$ffre$gne $h0$i2